00310nam a22001097a 450000500170000000800410001710000220005824500760008026000220015630000070017865000150018520260121105732.0260121b |||||||| |||| 00| 0 eng d aDaman Dev Sharma  aCompetitive Analysis of ITC Snacks & Sales Enhancement Bingo Mad Angles aJammubMIETc2024 a55 aManagement